000 00574nam a22002297a 4500
003 UA-OsUOA
001 28972
007 ta
008 20050519b un ||||| |||| 00| 0 ukr d
090 _a94(47+57)
_bИ90
942 _cBK
040 _aUA-OsUOA
_brus
_cUA-OsUOA
_dUA-OsUOA
245 _aОт Великой октябырьской социалистической революции до наших дней
300 _a751 с.
955 _a0
041 _arus
080 _a94(47+57)
260 _c1967
044 _aRU
650 7 _2UDC
999 _c315349
_d315349